Feasibility Study of Using Life Expired Composite Meterial in Panels of SAAB 2000 Aircraft (Record no. 328338)
[ view plain ]
| 000 -LEADER | |
|---|---|
| fixed length control field | 00422 a2200133 4500 |
| 001 - CONTROL NUMBER | |
| control field | 93265 |
| 082 ## - DEWEY DECIMAL CLASSIFICATION NUMBER | |
| Classification number | PR 2594 |
| 090 ## - LOCALLY ASSIGNED LC-TYPE CALL NUMBER (OCLC); LOCAL CALL NUMBER (RLIN) | |
| -- | 44779 |
| -- | 44780 |
| 100 ## - MAIN ENTRY--PERSONAL NAME | |
| Personal name | Muhammad Zunair; Prof Ibraheem Hanif & Dr Zaheer-ud-din Babar |
| 245 ## - TITLE STATEMENT | |
| Title | Feasibility Study of Using Life Expired Composite Meterial in Panels of SAAB 2000 Aircraft |
| Number of part/section of a work | 80'A' EC |
| 260 ## - PUBLICATION, DISTRIBUTION, ETC. | |
| Place of publication, distribution, etc. | Islamabad |
| Name of publisher, distributor, etc. | NUST |
| Date of publication, distribution, etc. | 2016 |
| 300 ## - PHYSICAL DESCRIPTION | |
| Extent | ix,92p. |
| 500 ## - GENERAL NOTE | |
| General note | BE Project Report |
| 942 ## - ADDED ENTRY ELEMENTS (KOHA) | |
| Institution code [OBSOLETE] | CAE NUST |
| Call number prefix | PR 2594 |
| Withdrawn status | Lost status | Damaged status | Not for loan | Collection code | Permanent Location | Current Location | Date acquired | Total Checkouts | Full call number | Barcode | Date last seen | Price effective from | Koha item type |
|---|---|---|---|---|---|---|---|---|---|---|---|---|---|
| College of Aeronautical Engineering (CAE) | College of Aeronautical Engineering (CAE) | 04/03/2017 | PR 2594 | CAEPR-2594 | 04/05/2017 | 04/05/2017 | Book |
